Construcción de desarenadora No.1 el Boquerón, Holcim Nicaragua, plantel Nagarote.

El presente trabajo de informe de prácticas profesionales tiene como objetivo presentar la Construcción de desarenadora No.1 el Boquerón, Holcim Nicaragua, plantel Nagarote, con el objetivo de la construcción de un dique de gaviones con la función de detener los sedimentos que trae la corrient...

Full description

Bibliographic Details
Main Author: Laínez Altamirano, Carlos Alfonso
Other Authors: Tutor: Gonzales Santelice, Juan
Format: Tesis Section = Libro
Language:Undetermined
Spanish
Published: Managua UNI 2014
Subjects:
LEADER 01487nam a2200253Ia 4500
008 240830s9999 xx 000 0 und d
040 |a BIBLIOTECA-RUPAP Mon 627 L186 
041 |a spa 
082 |a Mon 627 L186 
100 1 |a Laínez Altamirano, Carlos Alfonso 
245 1 0 |a Construcción de desarenadora No.1 el Boquerón, Holcim Nicaragua, plantel Nagarote. 
260 |a Managua  |b UNI  |c 2014 
300 |a 117 p. :il. 
500 |a Contiene: anexos. 
502 |a Tesis (Ingeniero Civil)- UNI, 2014. 
520 3 |a El presente trabajo de informe de prácticas profesionales tiene como objetivo presentar la Construcción de desarenadora No.1 el Boquerón, Holcim Nicaragua, plantel Nagarote, con el objetivo de la construcción de un dique de gaviones con la función de detener los sedimentos que trae la corriente de agua de la cuenca por arranque y sustentación, la construcciones de alerones que sirvan como protección a los anclajes laterales del dique en los extremos y encausar las corrientes hacia el aliviadero, construir un canal revestido de piedra cantera de 181 mts y la estabilización de la conducción hidráulica de la caja puente por medio de una limpieza de sedimentos acumulados. 
650 7 |a CONSTRUCCION – DIQUE DE GAVINETE - PROYECTO 
650 7 |b ANALISIS HIDROLOGICO 
650 7 |c HIDRAULICA DE CANAL 
650 7 |d PRACTICAS PROFESIONALES I 
700 1 |a Tutor:  |b Gonzales Santelice, Juan 
942 |c BK  |2 ddc 
991 |a TESIS 
999 |c 16176